[Event "ABC 2025 Groep C"]
[Site "Utrecht"]
[Date "2025.03.15"]
[Round "3.8"]
[White "Rantz, Thomas"]
[Black "Kshirsagar, Parth"]
[Result "*"]
[WhiteFideId "8976572"]
[BlackFideId "8887758"]
[WhiteElo "1750"]
[BlackElo "1846"]

1. e4 {[%clk 00:55:18]} {[%emt 00:00:03]} e6 {[%clk 00:55:18]} {[%emt
00:00:01]} 2. d4 {[%clk 00:55:16]} {[%emt 00:00:14]} d5 {[%clk 00:55:25]}
{[%emt 00:00:01]} 3. exd5 {[%clk 00:55:17]} {[%emt 00:00:09]} exd5 {[%clk
00:55:29]} {[%emt 00:00:06]} 4. Bd3 {[%clk 00:55:17]} {[%emt 00:00:10]} Nf6
{[%emt 00:00:17]} 5. Bf4 {[%clk 00:55:08]} {[%emt 00:00:15]} Bd6 {[%clk
00:55:15]} {[%emt 00:00:22]} 6. Bxd6 {[%clk 00:55:06]} {[%emt 00:00:13]} Qxd6
{[%clk 00:55:22]} 7. Nf3 {[%clk 00:55:06]} {[%emt 00:00:11]} O-O {[%clk
00:55:17]} {[%emt 00:00:15]} 8. O-O {[%clk 00:55:11]} {[%emt 00:00:05]} Bg4
{[%clk 00:55:12]} {[%emt 00:00:15]} 9. h3 {[%clk 00:55:09]} {[%emt 00:00:12]}
Bh5 {[%clk 00:55:20]} {[%emt 00:00:02]} 10. c3 {[%clk 00:55:02]} {[%emt
00:00:17]} Qb6 {[%clk 00:54:34]} {[%emt 00:00:56]} 11. b3 {[%clk 00:54:17]}
{[%emt 00:00:55]} Nbd7 {[%clk 00:53:46]} {[%emt 00:00:57]} 12. Nbd2 {[%clk
00:54:13]} {[%emt 00:00:14]} c5 {[%clk 00:53:06]} {[%emt 00:00:51]} 13. Qc2
{[%clk 00:52:56]} {[%emt 00:01:21]} Rac8 {[%clk 00:51:53]} {[%emt 00:01:31]} 14.
Rac1 {[%clk 00:51:56]} {[%emt 00:01:07]} Rfe8 {[%clk 00:46:42]} {[%emt
00:05:22]} 15. Qb2 {[%clk 00:50:04]} {[%emt 00:02:02]} a6 {[%clk 00:34:34]}
{[%emt 00:12:18]} 16. Rfe1 {[%clk 00:49:02]} {[%emt 00:01:12]} c4 {[%clk
00:31:01]} {[%emt 00:03:43]} 17. Bf5 {[%clk 00:47:40]} {[%emt 00:01:20]} cxb3
{[%clk 00:28:30]} {[%emt 00:02:53]} 18. axb3 {[%clk 00:47:03]} {[%emt
00:00:47]} Rcd8 {[%clk 00:27:30]} {[%emt 00:01:10]} 19. Qc2 {[%clk 00:44:37]}
{[%emt 00:02:36]} h6 {[%clk 00:22:39]} {[%emt 00:05:01]} 20. Rb1 {[%clk
00:43:14]} {[%emt 00:01:33]} Qc6 {[%clk 00:18:40]} {[%emt 00:04:09]} 21. Ra1
{[%clk 00:41:33]} {[%emt 00:01:51]} Nf8 {[%clk 00:13:20]} {[%emt 00:05:30]} 22.
Ne5 {[%clk 00:40:44]} {[%emt 00:00:59]} Qc7 {[%clk 00:12:50]} {[%emt 00:00:39]}
23. Ndf3 {[%clk 00:39:55]} {[%emt 00:01:00]} Ne4 {[%clk 00:09:37]} {[%emt
00:03:24]} 24. Rac1 {[%clk 00:38:23]} {[%emt 00:01:42]} b6 {[%clk 00:08:11]}
{[%emt 00:01:36]} 25. Re3 {[%clk 00:36:09]} {[%emt 00:02:22]} b5 {[%clk
00:06:14]} {[%emt 00:02:08]} 26. b4 {[%clk 00:33:03]} {[%emt 00:03:15]} Nh7
{[%clk 00:03:55]} {[%emt 00:02:30]} 27. Ra1 {[%clk 00:32:06]} {[%emt 00:01:06]}
Qb7 {[%clk 00:03:38]} {[%emt 00:00:28]} 28. Ne1 {[%clk 00:30:43]} {[%emt
00:01:32]} Nhf6 {[%clk 00:02:41]} {[%emt 00:01:09]} 29. N1d3 {[%clk 00:30:05]}
{[%emt 00:00:46]} Ra8 {[%clk 00:02:09]} {[%emt 00:00:44]} 30. Nf4 {[%clk
00:25:45]} {[%emt 00:04:29]} g6 {[%clk 00:01:17]} {[%emt 00:01:03]} 31. Nxh5
{[%clk 00:25:06]} {[%emt 00:00:49]} Nxh5 {[%clk 00:01:07]} {[%emt 00:00:19]} 32.
Bd7 {[%clk 00:23:34]} {[%emt 00:01:42]} Rxe5 {[%clk 00:00:28]} {[%emt
00:00:50]} 33. dxe5 {[%clk 00:22:40]} {[%emt 00:01:04]} Qxd7 {[%clk 00:00:35]}
{[%emt 00:00:02]} 34. Qd3 {[%clk 00:21:56]} {[%emt 00:00:55]} Ng5 {[%clk
00:00:12]} {[%emt 00:00:33]} 35. Rd1 {[%clk 00:21:10]} {[%emt 00:00:57]} Rd8
{[%clk 00:00:21]} 36. Ra1 {[%clk 00:20:13]} {[%emt 00:01:06]} Ra8 {[%clk
00:00:27]} {[%emt 00:00:04]} 37. Qd4 {[%clk 00:19:26]} {[%emt 00:00:56]} Qc6
{[%clk 00:00:16]} {[%emt 00:00:22]} 38. Rd1 {[%clk 00:18:11]} {[%emt 00:01:24]}
Rd8 {[%clk 00:00:20]} {[%emt 00:00:07]} 39. Red3 {[%clk 00:17:22]} {[%emt
00:00:59]} Ne6 {[%clk 00:00:17]} {[%emt 00:00:13]} 40. Qe3 {[%clk 00:16:39]}
{[%emt 00:00:53]} Nhf4 {[%clk 00:00:19]} {[%emt 00:00:08]} 41. R3d2 {[%clk
00:55:10]} {[%emt 00:02:51]} *

[Event "ABC 2025 Groep C"]
[Site "Utrecht"]
[Date "2025.03.15"]
[Round "3.9"]
[White "Blok, Lukas"]
[Black "Nair, Pranav Prasobh"]
[Result "1/2-1/2"]
[WhiteFideId "9040284"]
[BlackFideId "9062295"]
[WhiteElo "1808"]
[BlackElo "1768"]

1. c4 {[%clk 00:55:17]} {[%emt 00:00:03]} e5 {[%clk 00:55:08]} {[%emt
00:00:12]} 2. Nc3 {[%clk 00:55:18]} {[%emt 00:00:10]} Nf6 {[%clk 00:55:09]}
{[%emt 00:00:08]} 3. g3 {[%clk 00:55:10]} {[%emt 00:00:18]} c6 {[%clk
00:54:56]} {[%emt 00:00:24]} 4. Bg2 {[%clk 00:55:14]} {[%emt 00:00:04]} d5
{[%clk 00:54:29]} {[%emt 00:00:39]} 5. cxd5 {[%clk 00:54:46]} {[%emt 00:00:37]}
cxd5 {[%clk 00:54:27]} {[%emt 00:00:14]} 6. Qb3 {[%clk 00:52:00]} {[%emt
00:02:55]} e4 {[%clk 00:49:02]} {[%emt 00:05:36]} 7. e3 {[%clk 00:47:22]}
{[%emt 00:04:46]} Na6 {[%clk 00:48:35]} {[%emt 00:00:37]} 8. Qc2 {[%clk
00:34:26]} {[%emt 00:13:07]} Nb4 {[%clk 00:45:58]} {[%emt 00:02:47]} 9. Qb3
{[%clk 00:33:04]} {[%emt 00:01:32]} Be6 {[%clk 00:43:37]} {[%emt 00:02:30]} 10.
Qa4+ {[%clk 00:27:40]} {[%emt 00:05:35]} Bd7 {[%clk 00:43:17]} {[%emt
00:00:30]} 11. Qb3 {[%clk 00:25:50]} {[%emt 00:02:00]} Nd3+ {[%clk 00:25:08]}
{[%emt 00:18:18]} 12. Ke2 {[%clk 00:21:32]} {[%emt 00:04:29]} Ng4 {[%clk
00:17:53]} {[%emt 00:07:23]} 13. Nh3 {[%clk 00:20:41]} {[%emt 00:01:03]} Bc6
{[%clk 00:14:36]} {[%emt 00:03:26]} 14. f3 {[%clk 00:20:08]} {[%emt 00:00:45]}
Nf6 {[%clk 00:14:05]} {[%emt 00:00:39]} 15. Nf2 {[%clk 00:18:29]} {[%emt
00:01:50]} Nxf2 {[%clk 00:12:28]} {[%emt 00:01:46]} 16. Kxf2 {[%clk 00:17:42]}
{[%emt 00:00:57]} exf3 {[%clk 00:10:48]} {[%emt 00:01:50]} 17. Bxf3 {[%clk
00:17:40]} {[%emt 00:00:13]} Ne4+ {[%clk 00:10:13]} {[%emt 00:00:45]} 18. Kg2
{[%clk 00:15:37]} {[%emt 00:02:12]} Be7 {[%clk 00:09:15]} {[%emt 00:01:09]} 19.
Rf1 {[%clk 00:15:22]} {[%emt 00:00:25]} O-O {[%clk 00:09:08]} {[%emt 00:00:16]}
20. Nxe4 {[%clk 00:14:08]} {[%emt 00:01:25]} dxe4 {[%clk 00:09:05]} {[%emt
00:00:13]} 21. Bh5 {[%clk 00:14:03]} {[%emt 00:00:15]} Bf6 {[%clk 00:08:13]}
{[%emt 00:01:02]} 22. Be2 {[%clk 00:13:09]} {[%emt 00:01:03]} Qd7 {[%clk
00:07:41]} {[%emt 00:00:43]} 23. Qd1 {[%clk 00:12:11]} {[%emt 00:01:07]} Rac8
{[%clk 00:07:35]} {[%emt 00:00:17]} 24. Bg4 {[%clk 00:11:58]} {[%emt 00:00:23]}
Qd3 {[%clk 00:05:39]} {[%emt 00:02:06]} 25. Bxc8 {[%clk 00:12:03]} {[%emt
00:00:05]} Rxc8 {[%clk 00:05:42]} {[%emt 00:00:07]} 26. Qg4 {[%clk 00:11:48]}
{[%emt 00:00:24]} Bd7 {[%clk 00:05:16]} {[%emt 00:00:37]} 27. Qd1 {[%clk
00:09:34]} {[%emt 00:02:23]} Rc2 {[%clk 00:05:07]} {[%emt 00:00:19]} 28. Rf2
{[%clk 00:08:04]} {[%emt 00:01:40]} Bxb2 {[%clk 00:03:57]} {[%emt 00:01:21]} 29.
Bxb2 {[%clk 00:08:06]} {[%emt 00:00:09]} Rxb2 {[%clk 00:04:05]} 30. Rc1 {[%clk
00:06:39]} {[%emt 00:01:37]} Rxa2 {[%clk 00:02:55]} {[%emt 00:01:20]} 31. Rc3
{[%clk 00:06:23]} {[%emt 00:00:26]} Qd5 {[%clk 00:02:23]} {[%emt 00:00:40]} 32.
Qb3 {[%clk 00:05:47]} {[%emt 00:00:48]} Rxd2 {[%clk 00:01:27]} {[%emt
00:01:05]} 33. Qxd5 {[%clk 00:05:48]} {[%emt 00:00:09]} Rxd5 {[%clk 00:01:36]}
{[%emt 00:00:01]} 34. Rc7 {[%clk 00:05:32]} {[%emt 00:00:27]} Kf8 {[%clk
00:00:18]} {[%emt 00:01:28]} 35. Rxb7 {[%clk 00:05:33]} {[%emt 00:00:09]} a6
{[%clk 00:00:25]} {[%emt 00:00:03]} 36. Rc2 {[%clk 00:05:27]} {[%emt 00:00:15]}
g6 {[%clk 00:00:11]} {[%emt 00:00:24]} 37. Ra7 {[%clk 00:05:12]} {[%emt
00:00:26]} Rd6 {[%clk 00:00:20]} {[%emt 00:00:01]} 38. Rc4 {[%clk 00:04:59]}
{[%emt 00:00:23]} Bb5 {[%clk 00:00:15]} {[%emt 00:00:14]} 39. Rc8+ {[%clk
00:04:36]} {[%emt 00:00:34]} Kg7 {[%clk 00:00:24]} {[%emt 00:00:01]} 40. Rcc7
{[%clk 00:04:32]} {[%emt 00:00:14]} Rf6 {[%clk 00:00:27]} {[%emt 00:00:07]} 41.
Rc2 {[%clk 00:04:29]} {[%emt 00:00:12]} Bf1+ {[%clk 00:00:34]} {[%emt
00:00:03]} 42. Kg1 {[%clk 00:04:23]} {[%emt 00:00:17]} Bd3 {[%clk 00:00:42]}
{[%emt 00:00:02]} 43. Rf2 {[%clk 00:04:24]} {[%emt 00:00:09]} h5 {[%clk
00:00:38]} {[%emt 00:00:13]} 44. Rxf6 {[%clk 00:04:32]} {[%emt 00:00:03]} Kxf6
{[%clk 00:00:47]} 45. Kf2 {[%clk 00:04:40]} {[%emt 00:00:01]} Ke6 {[%clk
00:00:54]} {[%emt 00:00:03]} 46. Ke1 {[%clk 00:04:45]} {[%emt 00:00:05]} f6
{[%clk 00:00:55]} {[%emt 00:00:09]} 47. Rb7 {[%clk 00:04:24]} {[%emt 00:00:32]}
Kd6 {[%clk 00:00:58]} {[%emt 00:00:07]} 48. Rb6+ {[%clk 00:04:32]} {[%emt
00:00:02]} Ke5 {[%clk 00:01:06]} {[%emt 00:00:01]} 49. Kf2 {[%clk 00:04:28]}
{[%emt 00:00:14]} Kf5 {[%clk 00:01:13]} {[%emt 00:00:03]} 50. Rb4 {[%clk
00:04:02]} {[%emt 00:00:37]} Ke5 {[%clk 00:01:19]} {[%emt 00:00:04]} 51. Rb6
{[%clk 00:03:56]} {[%emt 00:00:16]} Kf5 {[%clk 00:01:26]} {[%emt 00:00:02]} 52.
Rc6 {[%clk 00:03:56]} {[%emt 00:00:10]} Ke5 {[%clk 00:01:32]} {[%emt 00:00:04]}
53. Ke1 {[%clk 00:03:55]} {[%emt 00:00:11]} Kf5 {[%clk 00:01:39]} {[%emt
00:00:04]} 54. Kd2 {[%clk 00:03:45]} {[%emt 00:00:21]} Kg5 {[%clk 00:00:53]}
{[%emt 00:00:55]} 55. Ke1 {[%clk 00:03:41]} {[%emt 00:00:13]} Kf5 {[%clk
00:01:00]} {[%emt 00:00:03]} 56. Kf2 {[%clk 00:03:36]} {[%emt 00:00:15]} Ke5
{[%clk 00:01:07]} {[%emt 00:00:03]} 57. Kg2 {[%clk 00:03:33]} {[%emt 00:00:13]}
Kf5 {[%clk 00:01:10]} {[%emt 00:00:08]} 58. Kf2 {[%clk 00:03:19]} {[%emt
00:00:23]} Ke5 {[%clk 00:01:17]} {[%emt 00:00:04]} 59. Rc8 {[%clk 00:03:19]}
{[%emt 00:00:10]} Ke6 {[%clk 00:01:21]} {[%emt 00:00:04]} 60. Rc6+ {[%clk
00:03:26]} {[%emt 00:00:05]} Ke5 {[%clk 00:01:30]} {[%emt 00:00:01]} 61. Rc7
{[%clk 00:03:03]} {[%emt 00:00:33]} Ke6 {[%clk 00:01:24]} {[%emt 00:00:15]} 62.
Rb7 {[%clk 00:02:43]} {[%emt 00:00:31]} Ke5 {[%clk 00:01:15]} {[%emt 00:00:19]}
63. Rc7 {[%clk 00:02:24]} {[%emt 00:00:28]} Ke6 {[%clk 00:01:22]} {[%emt
00:00:03]} 1/2-1/2

[Event "ABC 2025 Groep C"]
[Site "Utrecht"]
[Date "2025.03.15"]
[Round "3.10"]
[White "Regterschot, Frederieke"]
[Black "John, Ryan"]
[Result "0-1"]
[WhiteFideId "8840172"]
[BlackFideId "8959291"]
[WhiteElo "1457"]
[BlackElo "1808"]

1. e4 {[%clk 00:55:17]} {[%emt 00:00:04]} c5 {[%clk 00:55:14]} {[%emt
00:00:07]} 2. Nf3 {[%clk 00:55:22]} {[%emt 00:00:03]} Nc6 {[%clk 00:55:15]}
{[%emt 00:00:11]} 3. Nc3 {[%clk 00:55:22]} {[%emt 00:00:08]} e6 {[%clk
00:55:18]} {[%emt 00:00:08]} 4. d3 {[%clk 00:55:17]} {[%emt 00:00:14]} Be7
{[%clk 00:54:54]} {[%emt 00:00:34]} 5. Be3 {[%clk 00:55:13]} {[%emt 00:00:15]}
d5 {[%clk 00:54:49]} {[%emt 00:00:14]} 6. exd5 {[%clk 00:54:54]} {[%emt
00:00:29]} exd5 {[%clk 00:54:50]} {[%emt 00:00:09]} 7. d4 {[%clk 00:54:52]}
{[%emt 00:00:13]} Bg4 {[%clk 00:54:23]} {[%emt 00:00:36]} 8. Bb5 {[%clk
00:54:24]} {[%emt 00:00:39]} Bf6 {[%clk 00:52:47]} {[%emt 00:01:46]} 9. Bxc6+
{[%clk 00:51:28]} {[%emt 00:03:06]} bxc6 {[%clk 00:52:50]} {[%emt 00:00:07]} 10.
Qd3 {[%clk 00:49:11]} {[%emt 00:02:26]} Bxf3 {[%clk 00:51:07]} {[%emt
00:01:52]} 11. gxf3 {[%clk 00:49:19]} {[%emt 00:00:04]} cxd4 {[%clk 00:50:59]}
{[%emt 00:00:17]} 12. Bxd4 {[%clk 00:49:17]} {[%emt 00:00:12]} Qe7+ {[%clk
00:50:33]} {[%emt 00:00:35]} 13. Ne2 {[%clk 00:48:15]} {[%emt 00:01:13]} Bxd4
{[%clk 00:50:13]} {[%emt 00:00:29]} 14. Qxd4 {[%clk 00:48:20]} {[%emt
00:00:06]} Qf6 {[%clk 00:49:09]} {[%emt 00:01:11]} 15. Qe3+ {[%clk 00:47:46]}
{[%emt 00:00:46]} Ne7 {[%clk 00:48:44]} {[%emt 00:00:34]} 16. c3 {[%clk
00:46:14]} {[%emt 00:01:44]} O-O {[%clk 00:48:33]} {[%emt 00:00:21]} 17. O-O-O
{[%clk 00:45:50]} {[%emt 00:00:35]} Rfe8 {[%clk 00:47:55]} {[%emt 00:00:44]} 18.
Qd3 {[%clk 00:45:00]} {[%emt 00:01:03]} Ng6 {[%clk 00:47:21]} {[%emt 00:00:44]}
19. Nd4 {[%clk 00:42:49]} {[%emt 00:02:21]} Ne5 {[%clk 00:45:54]} {[%emt
00:01:35]} 20. Qf5 {[%clk 00:39:58]} {[%emt 00:03:03]} Qxf5 {[%clk 00:45:14]}
{[%emt 00:00:50]} 21. Nxf5 {[%clk 00:40:06]} {[%emt 00:00:02]} Nxf3 {[%clk
00:44:59]} {[%emt 00:00:25]} 22. Rd3 {[%clk 00:39:58]} {[%emt 00:00:18]} Ne5
{[%clk 00:43:06]} {[%emt 00:02:01]} 23. Rg3 {[%clk 00:39:00]} {[%emt 00:01:10]}
Ng6 {[%clk 00:41:52]} {[%emt 00:01:24]} 24. h4 {[%clk 00:37:54]} {[%emt
00:01:16]} Re5 {[%clk 00:41:11]} {[%emt 00:00:49]} 25. Nd4 {[%clk 00:36:47]}
{[%emt 00:01:19]} c5 {[%clk 00:38:02]} {[%emt 00:03:19]} 26. Nc6 {[%clk
00:34:40]} {[%emt 00:02:17]} Re6 {[%clk 00:37:02]} {[%emt 00:01:10]} 27. Na5
{[%clk 00:34:35]} {[%emt 00:00:16]} Rae8 {[%clk 00:36:15]} {[%emt 00:00:54]} 28.
Rg5 {[%clk 00:32:22]} {[%emt 00:02:25]} Re5 {[%clk 00:34:27]} {[%emt 00:01:56]}
29. Rxe5 {[%clk 00:31:44]} {[%emt 00:00:50]} Nxe5 {[%clk 00:34:09]} {[%emt
00:00:27]} 30. Re1 {[%clk 00:31:24]} {[%emt 00:00:31]} Nd3+ {[%clk 00:34:09]}
{[%emt 00:00:09]} 0-1

[Event "ABC 2025 Groep C"]
[Site "Utrecht"]
[Date "2025.03.15"]
[Round "3.11"]
[White "Stoppels, Victor"]
[Black "Nguyen, Paul"]
[Result "*"]
[WhiteFideId "8759894"]
[BlackFideId "8956321"]
[WhiteElo "1737"]
[BlackElo "1732"]

1. d4 {[%clk 00:55:19]} {[%emt 00:02:35]} d5 {[%clk 00:55:16]} {[%emt
00:00:03]} 2. c4 {[%clk 00:55:23]} {[%emt 00:00:05]} c6 {[%clk 00:55:18]}
{[%emt 00:00:09]} 3. e3 {[%clk 00:55:10]} {[%emt 00:00:23]} Bf5 {[%clk
00:55:18]} {[%emt 00:00:09]} 4. Nc3 {[%clk 00:54:59]} {[%emt 00:00:23]} Nf6
{[%clk 00:55:23]} {[%emt 00:00:06]} 5. Nf3 {[%clk 00:54:46]} {[%emt 00:00:22]}
e6 {[%clk 00:55:27]} {[%emt 00:00:07]} 6. Bd3 {[%clk 00:54:11]} {[%emt
00:00:44]} Bg6 {[%clk 00:55:32]} {[%emt 00:00:06]} 7. cxd5 {[%clk 00:53:33]}
{[%emt 00:00:46]} cxd5 {[%clk 00:55:36]} {[%emt 00:00:07]} 8. Bb5+ {[%clk
00:53:13]} {[%emt 00:00:31]} Nbd7 {[%clk 00:55:36]} {[%emt 00:00:11]} 9. Ne5
{[%clk 00:52:49]} {[%emt 00:00:31]} a6 {[%clk 00:55:19]} {[%emt 00:00:27]} 10.
Nxg6 {[%clk 00:52:19]} {[%emt 00:00:40]} hxg6 {[%clk 00:55:21]} {[%emt
00:00:09]} 11. Bd3 {[%clk 00:51:47]} {[%emt 00:00:44]} Bd6 {[%clk 00:55:21]}
{[%emt 00:00:08]} 12. h3 {[%clk 00:51:34]} {[%emt 00:00:23]} b5 {[%clk
00:55:07]} {[%emt 00:00:24]} 13. a3 {[%clk 00:51:01]} {[%emt 00:00:43]} Nb6
{[%clk 00:55:03]} {[%emt 00:00:15]} 14. Nb1 {[%clk 00:49:49]} {[%emt 00:01:22]}
Nc4 {[%clk 00:54:51]} {[%emt 00:00:22]} 15. Nd2 {[%clk 00:49:43]} {[%emt
00:00:16]} Qe7 {[%clk 00:54:45]} {[%emt 00:00:15]} 16. b4 {[%clk 00:48:30]}
{[%emt 00:01:24]} e5 {[%clk 00:53:42]} {[%emt 00:01:13]} 17. O-O {[%clk
00:47:34]} {[%emt 00:01:06]} e4 {[%clk 00:53:18]} {[%emt 00:00:34]} 18. Be2
{[%clk 00:47:00]} {[%emt 00:00:43]} O-O {[%clk 00:53:14]} {[%emt 00:00:15]} 19.
Nb3 {[%clk 00:46:28]} {[%emt 00:00:42]} Rac8 {[%clk 00:51:47]} {[%emt
00:01:37]} 20. Nc5 {[%clk 00:46:14]} {[%emt 00:00:24]} Nd7 {[%clk 00:51:25]}
{[%emt 00:00:32]} 21. Bg4 {[%clk 00:45:13]} {[%emt 00:01:11]} f5 {[%clk
00:49:40]} {[%emt 00:01:56]} 22. Be2 {[%clk 00:44:55]} {[%emt 00:00:27]} Nxc5
{[%clk 00:49:11]} {[%emt 00:00:38]} 23. dxc5 {[%clk 00:44:42]} {[%emt
00:00:23]} Qe5 {[%clk 00:48:51]} {[%emt 00:00:31]} 24. Bd2 {[%clk 00:43:19]}
{[%emt 00:01:32]} Qh2# {[%emt 00:00:08]} *

[Event "ABC 2025 Groep C"]
[Site "Utrecht"]
[Date "2025.03.15"]
[Round "4.1"]
[White "Margaryan, Aren"]
[Black "Lenting, Roan"]
[Result "0-1"]
[WhiteFideId "8994645"]
[BlackFideId "8885184"]
[WhiteElo "1889"]
[BlackElo "1983"]

1. e4 {[%clk 00:55:17]} {[%emt 00:00:02]} c5 {[%clk 00:55:20]} 2. c3 {[%clk
00:55:23]} {[%emt 00:00:05]} e6 {[%clk 00:55:26]} {[%emt 00:00:03]} 3. d4
{[%clk 00:55:28]} {[%emt 00:00:05]} d5 {[%clk 00:55:32]} {[%emt 00:00:04]} 4.
e5 {[%clk 00:55:33]} {[%emt 00:00:05]} Nc6 {[%clk 00:55:39]} {[%emt 00:00:03]}
5. Nf3 {[%clk 00:55:36]} {[%emt 00:00:07]} Qb6 {[%clk 00:55:44]} {[%emt
00:00:05]} 6. a3 {[%clk 00:55:42]} {[%emt 00:00:04]} c4 {[%clk 00:55:49]}
{[%emt 00:00:05]} 7. h4 {[%clk 00:54:08]} {[%emt 00:01:43]} Bd7 {[%clk
00:54:37]} {[%emt 00:01:22]} 8. g3 {[%clk 00:53:16]} {[%emt 00:01:02]} Be7
{[%clk 00:50:21]} {[%emt 00:04:27]} 9. Bh3 {[%clk 00:50:31]} {[%emt 00:02:55]}
h6 {[%clk 00:49:47]} {[%emt 00:00:44]} 10. Qc2 {[%clk 00:47:50]} {[%emt
00:02:51]} Na5 {[%clk 00:43:36]} {[%emt 00:06:20]} 11. Nbd2 {[%clk 00:46:42]}
{[%emt 00:01:19]} Qc6 {[%clk 00:38:04]} {[%emt 00:05:43]} 12. Nh2 {[%clk
00:38:21]} {[%emt 00:08:29]} Qa4 {[%clk 00:37:15]} {[%emt 00:01:00]} 13. Qb1
{[%clk 00:35:57]} {[%emt 00:02:35]} Nb3 {[%clk 00:34:27]} {[%emt 00:02:56]} 14.
Nxb3 {[%clk 00:34:37]} {[%emt 00:01:31]} Qxb3 {[%clk 00:34:03]} {[%emt
00:00:34]} 15. Ng4 {[%clk 00:33:15]} {[%emt 00:01:31]} O-O-O {[%clk 00:25:57]}
{[%emt 00:08:18]} 16. f4 {[%clk 00:30:24]} {[%emt 00:03:01]} f5 {[%clk
00:23:43]} {[%emt 00:02:23]} 17. Ne3 {[%clk 00:25:43]} {[%emt 00:04:51]} g6
{[%clk 00:21:12]} {[%emt 00:02:41]} 18. Bg2 {[%clk 00:24:19]} {[%emt 00:01:32]}
h5 {[%clk 00:20:39]} {[%emt 00:00:46]} 19. Bf3 {[%clk 00:23:29]} {[%emt
00:00:59]} Ba4 {[%clk 00:19:10]} {[%emt 00:01:38]} 20. Bd2 {[%clk 00:20:37]}
{[%emt 00:03:04]} Qb5 {[%clk 00:16:52]} {[%emt 00:02:27]} 21. Be2 {[%clk
00:15:25]} {[%emt 00:05:22]} Nh6 {[%clk 00:15:39]} {[%emt 00:01:23]} 22. O-O
{[%clk 00:12:39]} {[%emt 00:02:55]} Ng4 {[%clk 00:14:44]} {[%emt 00:01:06]} 23.
Nxg4 {[%clk 00:11:49]} {[%emt 00:01:00]} hxg4 {[%clk 00:14:39]} {[%emt
00:00:14]} 24. Be1 {[%clk 00:10:33]} {[%emt 00:01:25]} Kc7 {[%clk 00:12:46]}
{[%emt 00:02:05]} 25. Bf2 {[%clk 00:09:56]} {[%emt 00:00:48]} a5 {[%clk
00:09:56]} {[%emt 00:03:00]} 26. Ra2 {[%clk 00:09:20]} {[%emt 00:00:46]} Bb3
{[%clk 00:09:43]} {[%emt 00:00:22]} 27. Ra1 {[%clk 00:09:25]} {[%emt 00:00:06]}
a4 {[%clk 00:09:48]} {[%emt 00:00:04]} 28. Bxg4 {[%clk 00:08:44]} {[%emt
00:00:50]} fxg4 {[%clk 00:09:29]} {[%emt 00:00:29]} 29. Qxg6 {[%clk 00:08:43]}
{[%emt 00:00:11]} Qd7 {[%clk 00:08:53]} {[%emt 00:00:46]} 30. Be3 {[%clk
00:07:02]} {[%emt 00:01:52]} Rdg8 {[%clk 00:08:40]} {[%emt 00:00:23]} 31. Qb1
{[%clk 00:06:39]} {[%emt 00:00:33]} Rh5 {[%clk 00:08:02]} {[%emt 00:00:48]} 32.
Kg2 {[%clk 00:06:07]} {[%emt 00:00:42]} Rf5 {[%clk 00:07:01]} {[%emt 00:01:11]}
33. Rh1 {[%clk 00:05:46]} {[%emt 00:00:31]} Qe8 {[%clk 00:06:52]} {[%emt
00:00:19]} 34. Qc1 {[%clk 00:05:24]} {[%emt 00:00:29]} Qg6 {[%clk 00:06:45]}
{[%emt 00:00:20]} 35. Qd2 {[%clk 00:05:06]} {[%emt 00:00:28]} Rh5 {[%clk
00:06:35]} {[%emt 00:00:20]} 36. Rac1 {[%clk 00:04:46]} {[%emt 00:00:29]} Qe4+
{[%clk 00:06:34]} {[%emt 00:00:11]} 37. Kg1 {[%clk 00:04:34]} {[%emt 00:00:18]}
Rgh8 {[%clk 00:06:26]} {[%emt 00:00:23]} 38. Qe1 {[%clk 00:04:04]} {[%emt
00:00:37]} Bc2 {[%clk 00:06:14]} {[%emt 00:00:24]} 39. Bf2 {[%clk 00:04:02]}
{[%emt 00:00:12]} Qf5 {[%clk 00:04:50]} {[%emt 00:01:35]} 40. Rh2 {[%clk
00:03:34]} {[%emt 00:00:38]} Be4 {[%clk 00:04:58]} {[%emt 00:00:02]} 41. Qd1
{[%clk 00:03:35]} {[%emt 00:00:09]} Rg8 {[%clk 00:04:45]} {[%emt 00:00:22]} 42.
Qxa4 {[%clk 00:02:39]} {[%emt 00:01:07]} Bxh4 {[%clk 00:03:52]} {[%emt
00:01:03]} 43. Qa5+ {[%clk 00:02:44]} {[%emt 00:00:06]} Kb8 {[%clk 00:03:53]}
{[%emt 00:00:08]} 44. Qb6 {[%clk 00:01:39]} {[%emt 00:01:15]} Bxg3 {[%clk
00:03:12]} {[%emt 00:00:51]} 45. Bxg3 {[%clk 00:01:42]} {[%emt 00:00:07]} Rxh2
{[%clk 00:03:20]} {[%emt 00:00:02]} 46. Bxh2 {[%clk 00:01:16]} {[%emt
00:00:36]} g3 {[%clk 00:03:23]} {[%emt 00:00:07]} 47. Bxg3 {[%clk 00:00:55]}
{[%emt 00:00:31]} Rxg3+ {[%clk 00:03:29]} {[%emt 00:00:04]} 48. Kf1 {[%clk
00:00:53]} {[%emt 00:00:12]} Qxf4+ {[%emt 00:00:19]} 0-1